000 00464nam a2200193Ia 4500
008 151121s9999||||xx |||||||||||||| ||und||
082 _a823-/
082 _bHNW-59745
100 _aSingh Kartar
245 _aSikh History Boo-III
260 _b"Hemkant Press, Ną„¤ Delhią„¤"
260 _c--
300 _a96
600 _aSingh Kartar
630 _aSikh History Boo-III
700 _aSingh Kartar
730 _aSikh History Boo-III
942 _cBOOK
999 _c1241372
_d1241369